00263nam a2200109Ia 4500008004100000020001500041100002100056245003100077250000800108260002900116300000800145211105s9999 xx 000 0 und d aVYASA14489 aKenneth W Morgan 4aThe Religion Of The Hindus a2nd bMotilal banarsidass c\N a434